000 00743cam a22002412 4500
001 0000003691
005 20151217145739.0
008 070514s xx 000 0 eng d
020 _a0471470627 :
_cGBP 30.95
040 _aKABU
_cKABU
050 0 _aQC21.2
_b.C47
100 1 _aChristman, J. Richard.
_@0000153781
245 1 2 _aA student's companion [to] Fundamentals of physics /
_cDavid Halliday, Robert Resnick, Jearl Walker.
250 _a7th ed.
260 _aHoboken, NJ :
_bJ. Wiley,
_c2005.
300 _avi, 473 p.
650 0 _aPhysics.
_@0000153778
700 1 _aResnick, Robert.
_@0000153782
700 1 _aWalker, Jearl.
_@0000153783
908 _a070514
950 _@1
999 _c2217
_d2217